000 01155nam0a22002651 4500
001 rc\2672752
005 20230511101359.0
035 _a(NLR Aleph) 006801281
090 _a6246365
_c6246363
100 _a20110915d1932 |||y0rusy50 ca
101 0 _arus
102 _aRU
105 _aa z |||||
200 1 _aВопросы организации заправки тракторов и борьба с потерями нефтепродуктов
_fЕ. И. Вайнштейн
_g[Предисл.: С. Алексеев]
_gСиб. науч.-иссл. ин-т зерн. хоз-ва (б. Омск. зональная опыт. станция)
210 _aОмск
_cт[ипо]-л[ит.] № 2 ЗСКПТ
_d1932
215 _aОбл., 48 с.
_cил.
_d22х16 см.
700 1 _aВайнштейн
_bЕ. И.
702 1 _aАлексеев
_bС.
_4080
712 0 2 _aСибирский научно-исследовательский институт зернового хозяйства
_cОмск
_3RU\NLR\AUTH\8818061
801 0 _aRU
_bNLR
_gpsbo
801 1 _aRU
_bELAR
_2rusmarc
852 _aNLR
_j33-11/1640
942 _cBOOK
980 _aNB